[Event "FINAL DE CHILE 2011"]
[Site "Club de Ajedrez "]
[Date "2011-02-18"]
[Round "1"]
[White "Torres Bravo, Cristobal Renato"]
[Black "Carrasco Miranda, Andres"]
[Result "1-0"]
[WhiteElo "2250"]
[BlackElo "2221"]

 1.d4 d5 2.Nf3 Nf6 3.c4 c6 4.Nc3 dxc4 5.a4 Bf5 6.e3 e6 7.Bxc4 Bb4 8.O-O O-O 9.Qb3 Qb6 10.Nh4 Nbd7 11.Nxf5 exf5 12.Qc2 g6 13.Na2 Bd6 14.b4 a5 15.bxa5 Qxa5 16.Bb3 Qc7 17.h3 Ne4 18.Nc3 Ndf6 19.Nxe4 Nxe4 20.Bb2 Rfd8 21.Rfd1 Qe7 22.Qc4 Re8 23.Rd3 Rad8 24.Rad1 Rd7 25.Qc2 Bb8 26.d5 Qd6 27.f4 cxd5 28.Rxd5 Qb6 29.Bd4 Qd8 30.Rxd7 Qxd7 31.Ba1

[Event "FINAL DE CHILE 2011"]
[Site "Club de Ajedrez "]
[Date "2011-02-18"]
[Round "1"]
[White "Valdés Escobar, Álvaro Daniel"]
[Black "Valenzuela Gómez, Fernando"]
[Result "1/2-1/2"]
[WhiteElo "2387"]
[BlackElo "2086"]

 1.Nf3 Nf6 2.c4 g6 3.g3 Bg7 4.Bg2 O-O 5.O-O c6 6.d4 d5 7.Nc3 Ne4 8.Qb3 Nxc3 9.bxc3 e6 10.Bf4 Nd7 11.cxd5 exd5 12.c4 Nb6 13.cxd5 Nxd5 14.Be5 Qb6 15.Qd3 Bxe5 16.Nxe5 Rd8 17.Rfd1 Be6 18.Rab1 Qc7 19.Qc2 Rac8 20.Nd3 b6 21.e4 Nf6 22.Nf4 Bg4 23.Rd3 Qe7 24.h3 Bd7 25.Re3 Be8 26.Qb2 Rc7 27.Rc1 g5 28.Ne2 Nh5 29.g4 Ng7 30.Ng3 Rcd7 31.d5 Rc7 32.Nf5 Nxf5 33.exf5 Qd6 34.dxc6 Bxc6 35.Rec3 Bxg2 36.Rxc7 Ba8 37.Rc8 Qd5 38.Rxd8+ Qxd8 39.Re1 Bc6 40.Qe5 h6 41.f6 Qd3 42.Qb8+ Kh7 43.Qf8 Qg6 44.Qg7+ Qxg7 45.fxg7 Kxg7 46.Kh2 Bd5 47.a3 b5 48.Kg3 a5 49.f4 gxf4+ 50.Kxf4 b4 51.Re5 Be6 52.Rxa5 bxa3 53.Rxa3 Kf6 54.Ra6 Kg7 55.Kg3 Kf6 56.Kh4 Kg6 57.Rb6 Kh7 58.Kh5 Kg7 59.Kh4 Kg6 60.Kg3 Kf6 61.Kf4 Kg7 62.Ke5 Bc4 63.Rc6 Bb3 64.Kf5 Bd5 65.Rd6 Bc4 66.h4 Bb3 67.Rb6 Bc4 68.Rc6 Bd5 69.Rf6 Bc4 70.Rc6 Bd5 71.Rb6 Bc4 72.g5 hxg5 73.Kxg5 Be6 74.Rb2 Bd5 75.Rd2 Be6 76.Rg2 Bd5 77.Rg1 Be6 78.Kf4+ Kh7 79.Ke5 Kh8 80.Kf6 Kh7 81.Rg7+ Kh8 82.Rg5 Kh7 83.Ke7 Bc4 84.Kf6 Be6 85.Rh5+ Kg8 86.Ke7 Kg7 87.Rg5+ Kh7 88.Kf8 Bc4 89.Rh5+ Kg6 90.Rc5 Be6 91.Kg8 Kh6 92.Kh8 Kg6 93.Rg5+ Kh6 94.Rg7 Kh5 95.Rh7+ Kg6 96.h5+ Kg5 97.h6 Kg6 98.Kg8 f5+ 99.Kh8 f4 100.Re7 Bf5 101.h7 Kf6 102.Ra7 Ke6 103.Ra4 Bxh7 104.Kxh7 Kf5 105.Kh6 Kg4 106.Kg6 Kg3 107.Kf5 f3 108.Rg4+ Kh2 109.Ke4 f2 110.Rf4 Kg2

[Event "FINAL DE CHILE 2011"]
[Site "Club de Ajedrez "]
[Date "2011-02-18"]
[Round "1"]
[White "Egger Mancilla, Jorge Alejandro"]
[Black "San Martín Basualto, Epiro"]
[Result "1-0"]
[WhiteElo "2449"]
[BlackElo "2106"]

 1.e4 e6 2.d3 c5 3.Nf3 Nc6 4.g3 Nf6 5.Bg2 d6 6.O-O Be7 7.Nbd2 Bd7 8.c3 Rc8 9.a3 b5 10.Re1 Qb6 11.Nf1 O-O 12.d4 cxd4 13.Nxd4 Nxd4 14.cxd4 d5 15.exd5 Rfd8 16.dxe6 Bxe6 17.Be3 Bd5 18.Nd2 b4 19.Bxd5 Nxd5 20.a4 a5 21.Nb3 Bf6 22.Rc1 Rxc1 23.Qxc1 g6 24.Bg5 h5 25.h4 Qa6 26.Bxf6 Nxf6 27.Qc7 Qa8 28.Qxa5 Qxa5 29.Nxa5 Rxd4 30.Nb3 Rd3 31.Re3 Rd1+ 32.Kg2 Rd6 33.a5 Nd5 34.Re4 f5 35.Rd4 Kf7 36.a6 Ke6 37.a7 Rd8 38.Nc5+ Ke5 39.Rd3 f4 40.Nd7+ Ke4 41.Rxd5 f3+ 42.Kh2 Kxd5 43.Nb8

[Event "FINAL DE CHILE 2011"]
[Site "Club de Ajedrez "]
[Date "2011-02-18"]
[Round "1"]
[White "Mesias Rojas, Rabindranath"]
[Black "García Cardenas, Pablo"]
[Result "0-1"]
[WhiteElo "2237"]
[BlackElo "2316"]

 1.d4 Nf6 2.c4 e6 3.Nc3 d5 4.cxd5 exd5 5.Bg5 Be7 6.e3 O-O 7.Bd3 c6 8.Qc2 Nbd7 9.Nge2 Re8 10.O-O Nf8 11.f3 Nh5 12.Bxe7 Qxe7 13.e4 dxe4 14.fxe4 Be6 15.Rad1 Rac8 16.b3 c5 17.d5 Bd7 18.Bc4 Qd6 19.Nc1 Ng6 20.Nd3 Nf6 21.Nf2 Ne5 22.Be2 a6 23.a4 Bg4 24.h3 Bxe2 25.Nxe2 c4 26.Nd4 Qb6 27.Nf5 g6 28.Nd4 Nfd7 29.Kh1 cxb3 30.Qxb3 Qxb3 31.Nxb3 Rc3 32.Rb1 Rec8 33.Na5 b6 34.Nb3 a5 35.Rfc1 Kg7 36.Rxc3 Rxc3 37.Nd4 Rc4 38.Nf3 Kf6 39.Re1 Rxa4 40.Ng4+ Nxg4 41.hxg4 Ke7 42.e5 Rxg4 43.Rc1 Nc5 44.Kg1 a4 45.Rb1 a3 46.Ra1 Ra4 47.Nd2 b5 48.Kf1 b4 49.Nc4 a2 50.Ke2 Nb3 51.d6+ Kd8 52.e6 fxe6

[Event "FINAL DE CHILE 2011"]
[Site "Club de Ajedrez "]
[Date "2011-02-19"]
[Round "2"]
[White "Salinas Herrera, Pablo Patricio"]
[Black "Mesias Rojas, Rabindranath"]
[Result "1-0"]
[WhiteElo "2263"]
[BlackElo "2237"]

 1.d4 Nf6 2.Nf3 c5 3.c4 cxd4 4.Nxd4 e5 5.Nb5 d5 6.cxd5 Bc5 7.e3 O-O 8.N5c3 e4 9.Be2 Qe7 10.a3 Bf5 11.Nd2 Rd8 12.b4 Bd6 13.Bb2 Be5 14.Qb3 Nbd7 15.Nc4 Rac8 16.Rd1 a6 17.Nxe5 Nxe5 18.Na4 Bg4 19.Bxg4 Nfxg4 20.h3 Qh4 21.Rf1 Nf3+ 22.gxf3 Nh2 23.Rh1 Qxh3 24.Rxh2 Qxh2 25.fxe4 Qh1+ 26.Ke2 Qxe4 27.Rd4 Qh1 28.Nc5 Qh5+ 29.Kd2 Qf3 30.Nd3 Rd6 31.Qd1 Qxd1+ 32.Kxd1 Rcd8 33.e4 f5 34.Nc5 Re8 35.Nxb7 Rb6 36.Nc5 fxe4 37.d6 Rd8 38.d7 h5 39.Rxe4 Rd6+ 40.Ke2 R8xd7 41.Nxd7 Rxd7 42.Bc1 Kf7 43.a4 Rd5 44.Rc4 g6 45.Rc7+ Ke6 46.Rc6+ Kf5 47.Rxa6 h4 48.Ra5 Rxa5 49.bxa5

[Event "FINAL DE CHILE 2011"]
[Site "Club de Ajedrez "]
[Date "2011-02-19"]
[Round "2"]
[White "San Martín Basualto, Epiro"]
[Black "López Silva, Hugo Andres"]
[Result "0-1"]
[WhiteElo "2106"]
[BlackElo "2398"]

 1.e4 e5 2.Nf3 Nc6 3.Bb5 a6 4.Ba4 Nf6 5.O-O b5 6.Bb3 Be7 7.Re1 d6 8.c3 O-O 9.h3 Bb7 10.d4 Re8 11.Nbd2 h6 12.a4 exd4 13.cxd4 Nb4 14.axb5 axb5 15.Rxa8 Qxa8 16.e5 dxe5 17.dxe5 Nfd5 18.Ne4 c5 19.e6 c4 20.exf7+ Kxf7 21.Ne5+ Kg8 22.Qh5 Rf8 23.Bxh6 Qa6 24.Ng6 gxh6 25.Qxh6 Qc6 26.Qh8+ Kf7 27.Ne5+ Ke6 28.Ng5+ Kd6 29.Qh6+ Rf6 30.Qh8 Qc8 31.Ne4+ Kc7 32.Qh7 Rf8 33.Bd1 Qf5 34.Ng6 Rf7 35.Qg8 Nf4 36.Nxf4 Qxf4 37.g3 Qf5 38.Bg4 Qd5 39.h4 Nd3 40.Re2 Nxf2 41.Rxf2 Qxe4

[Event "FINAL DE CHILE 2011"]
[Site "Club de Ajedrez "]
[Date "2011-02-19"]
[Round "2"]
[White "Valenzuela Gómez, Fernando"]
[Black "Egger Mancilla, Jorge Alejandro"]
[Result "1-0"]
[WhiteElo "2086"]
[BlackElo "2449"]

 1.e4 c5 2.Nf3 e6 3.d4 cxd4 4.Nxd4 a6 5.Nc3 Qc7 6.g3 Bb4 7.Bd2 Nc6 8.Nxc6 dxc6 9.Bg2 Nf6 10.O-O Bd6 11.Bg5 e5 12.Bxf6 gxf6 13.Qh5 Be6 14.Bh3 O-O-O 15.Rad1 Kb8 16.Bxe6 fxe6 17.Qg4 Qe7 18.Rd3 Bc5 19.Rfd1 Rxd3 20.Rxd3 Bd4 21.Nd1 Rd8 22.c3 Bb6 23.Qe2 Kc7 24.Ne3 Rxd3 25.Qxd3 Qd7 26.Qe2 Bxe3 27.Qxe3 Qd1+ 28.Kg2 Qb1 29.Qf3 Qxb2 30.Qxf6 Qxc3 31.Qe7+ Kb6 32.Qxh7 c5 33.Qg6 c4 34.Qxe6+ Ka7 35.Qd5 Qb4 36.a3 Qxa3 37.Qxc4 a5 38.h4 Qb4 39.Qc2 a4 40.h5 Qb3 41.Qc5+ Qb6 42.Qxb6+ Kxb6 43.h6 a3 44.h7 a2 45.h8=Q a1=Q 46.Qd8+ Ka7 47.Qd3 Qa5 48.Qe3+ Ka6 49.g4 Qc7 50.g5 b5 51.g6 Qe7 52.Qg3 Qg7 53.Qa3+ Kb7 54.Qd6 Qh6 55.Qd7+ Kb6 56.Qd6+ Ka5 57.Qc7+ Ka4 58.Qf7 Qg5+ 59.Kf3 Qh5+ 60.Ke3 b4 61.Qa2+ Kb5 62.Qe2+

[Event "FINAL DE CHILE 2011"]
[Site "Club de Ajedrez "]
[Date "2011-02-19"]
[Round "2"]
[White "Carrasco Miranda, Andres"]
[Black "Valdés Escobar, Álvaro Daniel"]
[Result "1/2-1/2"]
[WhiteElo "2221"]
[BlackElo "2387"]

 1.d4 Nf6 2.Nf3 e6 3.c4 Bb4+ 4.Bd2 Qe7 5.g3 Nc6 6.Nc3 Bxc3 7.Bxc3 Ne4 8.Rc1 O-O 9.Bg2 d6 10.O-O Nxc3 11.Rxc3 e5 12.d5 Nb8 13.c5 a5 14.cxd6 cxd6 15.Nd2 b5 16.Qc2 Na6 17.Rc1 Bd7 18.Nb3 Qd8 19.e3 Qb6 20.Nd2 f5 21.a3 Qb8 22.Qd1 Qb7 23.Nf3 h6 24.Nxe5 dxe5 25.d6 Qb8 26.Qd5+ Kh7 27.Qxa8 Qxa8 28.Bxa8 Rxa8 29.Rc6 Kg6 30.Rb6 Kf7 31.f4 e4 32.Kf2 b4 33.h3 h5 34.Rc2 bxa3 35.bxa3 a4 36.Rc4 Ke6 37.Rc7 g6 38.Ke2 Nxc7 39.dxc7+ Kd5 40.Rb8 Ra7 41.c8=Q Bxc8 42.Rxc8 Rb7 43.Kd2 h4 44.gxh4 Rh7 45.Ra8 Rxh4 46.Rxa4 Rxh3 47.Ra6 Rg3 48.Rb6 Kc5 49.Rb2 Kc4 50.Rb4+ Kc5 51.Rb2 Kc4 52.Rb4+ Kc5 53.Rb2

[Event "FINAL DE CHILE 2011"]
[Site "Club de Ajedrez "]
[Date "2011-02-19"]
[Round "2"]
[White "Vargas Maliqueo, Ivan Patricio"]
[Black "Torres Bravo, Cristobal Renato"]
[Result "0-1"]
[WhiteElo "2164"]
[BlackElo "2250"]

 1.d4 c5 2.d5 Nf6 3.Nc3 g6 4.Nf3 Bg7 5.e4 d6 6.Bb5+ Nfd7 7.a4 Na6 8.O-O O-O 9.h3 Rb8 10.Bf4 Nb4 11.Qd2 a6 12.Be2 f5 13.Ng5 Ne5 14.f3 h6 15.Ne6 Bxe6 16.dxe6 g5 17.Be3 f4 18.Bf2 Qc8 19.Nd5 Nbc6 20.c3 Qxe6 21.a5 Kh8 22.b4 Nd7 23.Bc4 Nce5 24.Be2 Rbc8 25.Rab1 c4 26.b5 Nc5 27.Nb6 Nb3 28.Qc2 axb5 29.Nxc8 Rxc8 30.Rfd1 Nd7 31.Rd5 Ndc5 32.h4 g4 33.Bxc5 Rxc5 34.Rxc5 dxc5 35.fxg4 Qe5 36.Rxb3 cxb3 37.Qxb3 c4 38.Qb1 Qc5+ 39.Kf1 Bxc3 40.e5 Qe3 41.g5 Bd4 42.Ke1 Qg1+ 43.Bf1 Qf2+

[Event "FINAL DE CHILE 2011"]
[Site "Club de Ajedrez "]
[Date "2011-02-19"]
[Round "3"]
[White "Valdés Escobar, Álvaro Daniel"]
[Black "Vargas Maliqueo, Ivan Patricio"]
[Result "1-0"]
[WhiteElo "2387"]
[BlackElo "2164"]

 1.c4 c5 2.Nf3 Nc6 3.d4 cxd4 4.Nxd4 g6 5.e4 Bg7 6.Be3 Nf6 7.Nc3 O-O 8.Be2 d6 9.O-O Nxd4 10.Bxd4 Be6 11.Qd2 Nd7 12.Be3 Ne5 13.Nd5 Rc8 14.Rac1 b6 15.Bg5 Re8 16.b4 Qd7 17.h3 f6 18.Be3 Bf7 19.f4 Nc6 20.b5 Nb8 21.a4 e6 22.Nb4 Qb7 23.Rfd1 a6 24.bxa6 Nxa6 25.Nxa6 Qxa6 26.c5 Qxa4 27.cxd6 Rxc1 28.Rxc1 Rd8 29.Bxb6

[Event "FINAL DE CHILE 2011"]
[Site "Club de Ajedrez "]
[Date "2011-02-19"]
[Round "3"]
[White "Egger Mancilla, Jorge Alejandro"]
[Black "Carrasco Miranda, Andres"]
[Result "1-0"]
[WhiteElo "2449"]
[BlackElo "2221"]

 1.e4 c5 2.Nc3 Nc6 3.Nge2 Nf6 4.d4 cxd4 5.Nxd4 e5 6.Ndb5 d6 7.Bg5 a6 8.Na3 b5 9.Nd5 Be7 10.Bxf6 Bxf6 11.c4 b4 12.Nc2 a5 13.Be2 O-O 14.O-O Bg5 15.Qd3 Be6 16.Rad1 Qb8 17.g3 Qa7 18.Kg2 f5 19.Nde3 f4 20.Bg4 Qd7 21.Bxe6+ Qxe6 22.Qd5 Qxd5 23.Nxd5 Rab8 24.b3 Bd8 25.gxf4 exf4 26.Nd4 Nxd4 27.Rxd4 a4 28.Rd3 Rf7 29.Rb1 g5 30.bxa4 Ra7 31.Rdb3 Rxa4 32.Rxb4 Raxb4 33.Rxb4 Rxb4 34.Nxb4 g4 35.Nc6 Bb6 36.a4 h5 37.a5 Bc5 38.f3 Kf7 39.a6 Ke6 40.a7 Bxa7 41.Nxa7 Ke5 42.Nc6+

[Event "FINAL DE CHILE 2011"]
[Site "Club de Ajedrez "]
[Date "2011-02-19"]
[Round "3"]
[White "López Silva, Hugo Andres"]
[Black "Valenzuela Gómez, Fernando"]
[Result "1-0"]
[WhiteElo "2398"]
[BlackElo "2086"]

 1.e4 c5 2.Nf3 d6 3.d4 cxd4 4.Nxd4 Nf6 5.Nc3 Bd7 6.f3 e5 7.Nb3 a5 8.a3 Be7 9.Be3 O-O 10.Qd2 a4 11.Nc1 Be6 12.Bd3 d5 13.exd5 Nxd5 14.Nxd5 Qxd5 15.O-O Nc6 16.Ne2 Nd4 17.Rad1 Rfd8 18.Kh1 Rac8 19.Be4 Qd7 20.Nxd4 exd4 21.Qxd4 Qxd4 22.Rxd4 Rxd4 23.Bxd4 b5 24.Bd3 Bc4 25.Bxc4 Rxc4 26.c3 b4 27.axb4 Bxb4 28.Ra1 Be7 29.Kg1 f6 30.Kf2 a3 31.b3 Rc8 32.b4 Ra8 33.Ke2 Kf7 34.Kd3 g5 35.Kc2 Ke6 36.Kb3 Bd6 37.h3 h5 38.Rxa3 Rd8 39.Ra6 Kf5 40.g4+ hxg4 41.hxg4+ Kf4 42.Bxf6 Rd7 43.Ra5 Rb7 44.Rf5+

[Event "FINAL DE CHILE 2011"]
[Site "Club de Ajedrez "]
[Date "2011-02-19"]
[Round "3"]
[White "Mesias Rojas, Rabindranath"]
[Black "San Martín Basualto, Epiro"]
[Result "1-0"]
[WhiteElo "2237"]
[BlackElo "2106"]

 1.d4 Nf6 2.c4 d6 3.Nc3 Nbd7 4.Nf3 c6 5.Bg5 h6 6.Bf4 Qa5 7.Qc2 e5 8.Bd2 Qc7 9.e4 Be7 10.Be2 O-O 11.g4 exd4 12.Nxd4 Nc5 13.Rg1 Re8 14.O-O-O Bf8 15.f3 g6 16.h4 Bg7 17.Bxh6 Bxh6+ 18.g5 Ne6 19.Nxe6 Bxe6 20.gxh6 Kh7 21.f4 d5 22.e5 Bf5 23.Bd3 Bxd3 24.Qxd3 dxc4 25.Qxc4 Nh5 26.Qe4 f5 27.Qc4 Rad8 28.Rdf1 Kxh6 29.Rg5 a6 30.Rfg1 Rg8 31.a4 Qd7 32.Rd1 Qe7 33.Kc2 b5 34.Qxc6 Rc8 35.Rxg6+ Rxg6 36.Qxc8 Nxf4 37.Qxf5 Qxh4 38.Qf8+ Kh5 39.Qh8+ Rh6 40.Qe8+ Rg6 41.Ne4 Qh2+ 42.Rd2 Qh1 43.Ng3+

[Event "FINAL DE CHILE 2011"]
[Site "Club de Ajedrez "]
[Date "2011-02-19"]
[Round "3"]
[White "García Cardenas, Pablo"]
[Black "Salinas Herrera, Pablo Patricio"]
[Result "1/2-1/2"]
[WhiteElo "2316"]
[BlackElo "2263"]

 1.e4 c5 2.Nf3 d6 3.d4 cxd4 4.Nxd4 Nf6 5.Nc3 a6 6.Be2 e5 7.Nb3 Be7 8.O-O O-O 9.Kh1 b6 10.f4 Bb7 11.Bf3 Nbd7 12.Be3 Rc8 13.Qe2 Qc7 14.Rad1 Rfe8 15.f5 Qb8 16.Nd2 b5 17.a3 Qa8 18.Bg1 Bf8 19.g4 d5 20.g5 d4 21.Ncb1 Rxc2 22.gxf6 Nxf6 23.b3 Rec8 24.Rfe1 b4 25.a4 a5 26.Qd3 Nd7 27.Nc4 R2xc4 28.bxc4 Nc5 29.Qe2 Nxa4 30.Rxd4 exd4 31.Bxd4 Qa6 32.Rg1 g6 33.Nd2 Rd8 34.Nb3 Nc3 35.Qg2 Qxc4 36.Bf6 Rd3 37.Nxa5 Qxe4 38.Bxe4 Bxe4 39.Qxe4 Nxe4 40.Ba1 Bc5 41.Rc1 gxf5 42.Be5 f6 43.Bxf6 Be3 44.Rc8+ Kf7 45.Bh8 Ng5 46.h4 Ne4 47.Nc4 Bf4 48.Be5 Rh3+ 49.Kg2 Rh2+ 50.Kg1 Rxh4 51.Bxf4 Rg4+ 52.Kh2 Rxf4 53.Rb8 Rh4+ 54.Kg1 Rg4+ 55.Kh2 Kf6 56.Rxb4 Nd6 57.Rb6 Rxc4 58.Rxd6+ Kg5 59.Kg3 Rc3+ 60.Kf2 h5 61.Rd4 h4 62.Ra4 Rg3 63.Ra8 Kg4 64.Rg8+ Kf4 65.Rh8 Rh3 66.Kg2 Rg3+ 67.Kf2 Kg4 68.Rg8+ Kh3 69.Rf8 Rg5 70.Kf3 Kh2 71.Kf2 h3 72.Rf7 Rg2+ 73.Kf1 Rg1+ 74.Kf2 Rg5 75.Rf8 Rh5 76.Rf6 Kh1 77.Kf1 Rg5 78.Rf7 Kh2 79.Kf2

[Event "FINAL DE CHILE 2011"]
[Site "Club de Ajedrez "]
[Date "2011-02-20"]
[Round "4"]
[White "San Martín Basualto, Epiro"]
[Black "García Cardenas, Pablo"]
[Result "0-1"]
[WhiteElo "2106"]
[BlackElo "2316"]

 1.d4 Nf6 2.c4 e6 3.Nc3 Bb4 4.Bg5 h6 5.Bh4 d5 6.e3 Nbd7 7.Bd3 dxc4 8.Bxc4 c5 9.Ne2 cxd4 10.exd4 O-O 11.a3 Be7 12.O-O Nb6 13.Ba2 Bd7 14.Qd3 Bc6 15.Rad1 Nfd5 16.Bb1 g6 17.Bxe7 Qxe7 18.Rfe1 Rfd8 19.Ne4 Rac8 20.Qg3 Nf6 21.Nc5 Nh5 22.Qe3 Kh7 23.f4 Qh4 24.Qf2 Qxf2+ 25.Kxf2 Nf6 26.h3 Nc4 27.Ba2 Nxb2 28.Rb1 Ne4+ 29.Nxe4 Nd3+ 30.Ke3 Nxe1 31.Rxe1 Bxe4 32.Kxe4 Rc2 33.Bb3 Rb2 34.Bd1 b5 35.Rf1 Rd2 36.g4 Rd5 37.h4 a5 38.Rh1 a4 39.Rf1 f5+ 40.gxf5 gxf5+ 41.Ke3 Ra2 42.Nc1 Rxa3+ 43.Nd3 b4 44.Bf3 Rb5 45.Rc1 b3 46.Rc7+ Kg8 47.Bh5 b2 48.Rc8+ Kg7 49.Rc7+ Kf8 50.Rc8+ Ke7

[Event "FINAL DE CHILE 2011"]
[Site "Club de Ajedrez "]
[Date "2011-02-20"]
[Round "4"]
[White "Valenzuela Gómez, Fernando"]
[Black "Mesias Rojas, Rabindranath"]
[Result "1-0"]
[WhiteElo "2086"]
[BlackElo "2237"]

 1.e4 c5 2.Nf3 Nf6 3.Nc3 Nc6 4.d4 d5 5.exd5 Nxd5 6.dxc5 Nxc3 7.Qxd8+ Nxd8 8.bxc3 f6 9.Be3 e5 10.Nd2 Be6 11.Bb5+ Kf7 12.O-O Rc8 13.Ne4 f5 14.Ng5+ Kf6 15.f4 exf4 16.Bxf4 Bxc5+ 17.Kh1 Bb6 18.Bd3 h6 19.Nxe6 Nxe6 20.Bd2 g6 21.g4 Ng7 22.gxf5 Nxf5 23.Rf3 Rce8 24.Raf1 Re5 25.h4 h5 26.Bg5+ Ke6 27.Bc4+ Kd6 28.Bf4 Re8 29.Re1 Nxh4 30.Bxe5+ Rxe5 31.Rd3+

[Event "FINAL DE CHILE 2011"]
[Site "Club de Ajedrez "]
[Date "2011-02-20"]
[Round "4"]
[White "Carrasco Miranda, Andres"]
[Black "López Silva, Hugo Andres"]
[Result "1/2-1/2"]
[WhiteElo "2221"]
[BlackElo "2398"]

 1.Nf3 Nf6 2.c4 g6 3.Nc3 Bg7 4.g3 O-O 5.Bg2 c5 6.O-O d5 7.cxd5 Nxd5 8.Ng5 e6 9.Nxd5 exd5 10.d3 Nc6 11.Nh3 b6 12.Nf4 Ne7 13.Rb1 a5 14.b3 Ra7 15.a3 Qd6 16.e4 Rd8 17.Nxd5 Nxd5 18.exd5 Bb7 19.Bg5 Bf6 20.Bf4 Qd7 21.d6 Bxg2 22.Kxg2 g5 23.Be3 Qxd6 24.Qf3 Qd5 25.b4 Qxf3+ 26.Kxf3 Rxd3 27.bxc5 bxc5 28.Ke4 Rad7 29.Bxc5 Kg7 30.Rb5 Bd8 31.g4 Kg6 32.f4 gxf4 33.Rxf4 Rc3 34.Bd4 Rxa3 35.h4 Bxh4 36.Rb6+ f6 37.Bxf6 Bxf6 38.Rbxf6+ Kg7 39.Ra6 Ra4+ 40.Ke5 Re7+ 41.Kd6 Rxf4 42.Kxe7 Rxg4 43.Rxa5 Re4+ 44.Kd6 Kg6 45.Ra7 h5 46.Kd5 Re8 47.Kd4 Kf5 48.Rg7 Kf4 49.Kd3 h4 50.Rf7+ Kg3 51.Rg7+ Kf3 52.Rf7+ Kg4 53.Rg7+ Kf5 54.Rf7+ Kg6 55.Rf3 Re7 56.Re3 Rh7 57.Ke4 h3 58.Rg3+ Kf6 59.Rg1 h2 60.Rh1 Kg5 61.Kf3

[Event "FINAL DE CHILE 2011"]
[Site "Club de Ajedrez "]
[Date "2011-02-20"]
[Round "4"]
[White "Vargas Maliqueo, Ivan Patricio"]
[Black "Egger Mancilla, Jorge Alejandro"]
[Result "0-1"]
[WhiteElo "2164"]
[BlackElo "2449"]

 1.e4 c5 2.Nf3 d6 3.d4 cxd4 4.Nxd4 Nf6 5.Nc3 a6 6.Bc4 e6 7.Bb3 Nbd7 8.f4 Nc5 9.Qf3 Be7 10.Be3 Qc7 11.f5 O-O 12.O-O b5 13.e5 dxe5 14.Qc6 Ra7 15.fxe6 exd4 16.Rxf6 Bxf6 17.Qxc7 Rxc7 18.Nd5 Nxb3

[Event "FINAL DE CHILE 2011"]
[Site "Club de Ajedrez "]
[Date "2011-02-20"]
[Round "4"]
[White "Torres Bravo, Cristobal Renato"]
[Black "Valdés Escobar, Álvaro Daniel"]
[Result "0-1"]
[WhiteElo "2250"]
[BlackElo "2387"]

 1.Nf3 c5 2.g3 b6 3.Bg2 Bb7 4.d4 cxd4 5.Qxd4 Nc6 6.Qd1 Nf6 7.O-O e6 8.c4 Be7 9.Nc3 O-O 10.e4 d6 11.Qe2 a6 12.b3 Qc7 13.Bb2 Rac8 14.Rac1 Qb8 15.Rfd1 Rfe8 16.Na4 Ba8 17.e5 Nxe5 18.Nxe5 Bxg2 19.Kxg2 dxe5 20.Bxe5 Qb7+ 21.Qf3 Qxf3+ 22.Kxf3 Rc6 23.c5 b5 24.Bxf6 gxf6 25.Nb6 Rxc5 26.Rxc5 Bxc5 27.Nd7 Be7 28.Rc1 Rd8 29.Rc7 Kg7 30.Ke2 Bb4 31.h4 h5 32.Kf3 Kg6 33.Kg2 Ba3 34.Kh3 Bb2 35.f3 Bd4 36.a4 bxa4 37.bxa4 a5 38.Rb7 Rc8 39.Kg2 f5 40.Rb5 Rc2+ 41.Kh3 Rc7 42.Ne5+ Kf6 43.f4 Bc3 44.Kg2 Bb4 45.Kh3 Kg7 46.Kg2 Bc3 47.Kh3 f6 48.Nd3 Rc4 49.Nc5 e5 50.Rb7+ Kg8 51.Ne6 e4 52.Rg7+ Kh8 53.Re7 Rxa4 54.Re8+ Kh7 55.Rf8 Kg6 56.Rc8 Bb4 57.Nd4 Ra2 58.Nc2 Rb2 59.Rc4 Rb3 60.Rc6 Rc3

[Event "FINAL DE CHILE 2011"]
[Site "Club de Ajedrez "]
[Date "2011-02-21"]
[Round "5"]
[White "Egger Mancilla, Jorge Alejandro"]
[Black "Torres Bravo, Cristobal Renato"]
[Result "0-1"]
[WhiteElo "2449"]
[BlackElo "2250"]

 1.e4 c5 2.Nf3 d6 3.d4 cxd4 4.Nxd4 Nf6 5.Nc3 g6 6.Be3 Bg7 7.f3 Nc6 8.Qd2 O-O 9.Bc4 Bd7 10.O-O-O Ne5 11.Bb3 Qa5 12.h4 Rfc8 13.h5 Nxh5 14.Bh6 Bxh6 15.Qxh6 Rxc3 16.bxc3 Qxc3 17.Kb1 Nf6 18.Ne2 Qc8 19.Nf4 Qf8 20.Qg5 Qg7 21.Nd3 Nxd3 22.Rxd3 Bc6 23.e5 dxe5 24.Rhd1 h6 25.Qxe5 e6 26.Rd8+ Rxd8 27.Rxd8+ Kh7 28.Qc5 a6 29.Qe7 Ng8 30.Qc7 Qf6 31.Rc8 h5 32.Qb8 Ne7 33.Rc7 Kg7 34.Qa7 Qh4 35.Qc5 Nd5 36.Rc8 Qe7 37.Qa5 Qf6 38.Bxd5 Bxd5 39.Qb4 h4 40.Qf8+ Kh7 41.f4 e5 42.Qg8+ Kh6 43.Qf8+ Kh5 44.fxe5 Qb6+ 45.Kc1 Qe3+ 46.Kb2 Qxe5+ 47.Kb1 Qe6 48.Qc5 f5 49.Rh8+ Kg5 50.Qd4 Qe4 51.Qg7 Qb4+ 52.Kc1 Qe1+ 53.Kb2 Kf4 54.Qd4+ Be4 55.Qd6+ Ke3 56.Qc5+ Ke2 57.Qc4+ Kf2 58.Rxh4 Kxg2 59.Rh6 g5 60.Rg6 g4 61.Rh6 Qe3 62.Rd6 Bf3 63.Qb4 Qe5+ 64.Ka3 Be2 65.Qxb7+ Kf2 66.Rb6 Bf3 67.Qxa6 g3 68.Rb3 Qc5+ 69.Kb2 g2 70.Qd3 Qe5+ 71.Ka3 Be2 72.Qh3 g1=Q 73.Qh4+ Qgg3

[Event "FINAL DE CHILE 2011"]
[Site "Club de Ajedrez "]
[Date "2011-02-21"]
[Round "5"]
[White "López Silva, Hugo Andres"]
[Black "Vargas Maliqueo, Ivan Patricio"]
[Result "1-0"]
[WhiteElo "2398"]
[BlackElo "2164"]

 1.e4 c6 2.d4 d5 3.exd5 cxd5 4.c4 e6 5.a3 Nc6 6.Nf3 Nf6 7.Nc3 Ne4 8.Qc2 Nxc3 9.Qxc3 dxc4 10.Bxc4 Be7 11.O-O Bf6 12.Be3 O-O 13.Ne5 Qd6 14.f4 Bd7 15.Rad1 Ne7 16.Qd3 Bc6 17.Bb3 Bd5 18.Bc2 g6 19.Bd2 Nc6 20.Bc3 Rac8 21.Qh3 Bg7 22.Ng4 Ne7 23.Rf2 Rfd8 24.Nh6+ Kf8 25.Qh4 Nc6 26.Ba4 Ke8 27.Bb4 Qc7 28.Ng8 b5 29.Bxb5 Rd7 30.Qxh7 Nxb4 31.Qxg7 Nc6 32.Nf6+ Ke7 33.Nxd5+ Rxd5 34.Bc4 Rh5 35.Bxe6 Kxe6 36.d5+ Rxd5 37.Re2+ Ne5 38.Rde1 Qb6+ 39.Kh1 Rcc5 40.b4 Qb5 41.Rxe5+ Rxe5 42.fxe5 Rxe5 43.Rxe5+ Qxe5 44.Qxe5+ Kxe5 45.g4 Kf4 46.a4 Kxg4 47.b5 f5 48.a5 Kf3 49.b6 axb6 50.axb6

[Event "FINAL DE CHILE 2011"]
[Site "Club de Ajedrez "]
[Date "2011-02-21"]
[Round "5"]
[White "Mesias Rojas, Rabindranath"]
[Black "Carrasco Miranda, Andres"]
[Result "0-1"]
[WhiteElo "2237"]
[BlackElo "2221"]

 1.d4 Nf6 2.c4 c6 3.Nc3 d5 4.e3 a6 5.Nf3 b5 6.b3 Bg4 7.Be2 e6 8.O-O Nbd7 9.Bb2 Bd6  10.Ne5 Bxe2 11.Nxe2 Qc7 12.f4 bxc4 13.bxc4 Rb8 14.Qc1 O-O 15.Ba3 Bxa3 16.Qxa3 Nxe5 17.fxe5 Ne4 18.c5 Nd2 19.Rf4 Nc4 20.Qd3 Rb2 21.Rh4 g6 22.e4 Qe7 23.Rg4 h5 24.Rg3 Rd2 25.Qf3 Qh4 26.Nf4 dxe4 27.Qxe4 Rd8 28.Rxg6+ fxg6 29.Qxg6+ Kh8 30.Qh6+ Kg8 31.Qxe6+ Kg7 32.Qg6+ Kh8 33.Qh6+ Kg8 34.Qe6+ Kg7 35.Rf1 Ne3 36.Nxh5+ Qxh5 37.Qe7+ Kh6 38.Rf6+ Kg5 39.Rf7+ Kg4 40.Qe6+ Nf5 41.Rg7+ Kf4 42.g3+ Kf3 43.Qb3+ Ke4 44.Qb1+ Kxd4 45.Rg4+ Qxg4 46.Qb4+ Kxe5 47.Qxg4 Rd1+

[Event "FINAL DE CHILE 2011"]
[Site "Club de Ajedrez "]
[Date "2011-02-21"]
[Round "5"]
[White "García Cardenas, Pablo"]
[Black "Valenzuela Gómez, Fernando"]
[Result "1-0"]
[WhiteElo "2316"]
[BlackElo "2086"]

 1.e4 c5 2.Nc3 d6 3.g3 Nc6 4.Bg2 g6 5.d3 Bg7 6.Be3 h5 7.Nf3 Nd4 8.Qd2 Bg4 9.Nh4 Bf6 10.h3 Bd7 11.Nf3 e6 12.O-O Ne7 13.Ne1 Bg7 14.Nd1 Qc7 15.c3 Ndc6 16.d4 cxd4 17.cxd4 d5 18.Nc3 O-O 19.Bh6 dxe4 20.Bxg7 Kxg7 21.Bxe4 Rad8 22.Nf3 e5 23.d5 Bxh3 24.Rfd1 Qb8 25.Qg5 f6 26.Qh4 Nd4 27.Qxh3 f5 28.d6 Rxd6 29.Nxd4 exd4 30.Qh4 Rff6 31.Nb5 fxe4 32.Nxd6 Qxd6 33.Qxe4 Nc6 34.Re1 Qf8 35.Re2 Qd6 36.Rd1 Rf5 37.Qe8 Rf6 38.a3 d3 39.Re3 d2 40.Qe4 Qc5 41.b4 Qc1 42.Qb1 Qxb1 43.Rxb1 Nxb4 44.axb4 Rc6 45.Rf1 Rc1 46.Rd3

[Event "FINAL DE CHILE 2011"]
[Site "Club de Ajedrez "]
[Date "2011-02-21"]
[Round "5"]
[White "Salinas Herrera, Pablo Patricio"]
[Black "San Martín Basualto, Epiro"]
[Result "1-0"]
[WhiteElo "2263"]
[BlackElo "2106"]

 1.d4 Nf6 2.Nf3 c5 3.c4 cxd4 4.Nxd4 e5 5.Nb5 d5 6.cxd5 Bc5 7.N5c3 O-O  8.e3 Qe7 9.a3 e4 10.Be2 Rd8 11.b4 Bd6 12.Ra2 Nbd7 13.Nb5 Nb6 14.Rd2 Nbxd5 15.Nxd6 Rxd6 16.Bb2 Be6 17.O-O a6 18.Bd4 Rc8 19.Bc5 Rxc5 20.bxc5 Rc6 21.Rc2 Rxc5 22.Rxc5 Qxc5 23.Qc1 Qd6 24.Rd1 Qe5 25.Nc3 h6 26.Nxd5 Bxd5 27.Bc4 Bc6 28.h3 Qc7 29.Rd4 Kh7 30.Bxa6 Qe7 31.Bf1 Nd7 32.a4 Qg5 33.Kh1 Ne5 34.Qc2 f5 35.Bb5 Bxb5 36.axb5 Nd3 37.Qe2 Qg6 38.Rxd3 exd3 39.Qxd3 Qe6 40.f3 h5 41.Qd4 g5 42.Qc5 Kg6 43.Qd4 h4 44.Kh2 Kf7 45.Qc5 Kg6 46.b6 Kf6 47.f4 gxf4 48.exf4 Kg6 49.Qf2 Qe7 50.Qa2 Kg7 51.Qd5 Kg6 52.Qg8+ Kf6 53.Qg5+ Ke6 54.Qxe7+ Kxe7 55.g4 hxg3+ 56.Kxg3

[Event "FINAL DE CHILE 2011"]
[Site "Club de Ajedrez "]
[Date "2011-02-22"]
[Round "6"]
[White "Valenzuela Gómez, Fernando"]
[Black "Salinas Herrera, Pablo Patricio"]
[Result "1-0"]
[WhiteElo "2086"]
[BlackElo "2263"]

 1.e4 e6 2.Nf3 d5 3.Nc3 dxe4 4.Nxe4 Bd7 5.Ne5 Nf6 6.Ng5 Qe7 7.Ngxf7 Rg8 8.Be2 Nc6 9.O-O Qc5 10.c3 Nxe5 11.d4 Qb6 12.Nxe5 O-O-O 13.Nxd7 Nxd7 14.Qb3 Qc6 15.Bf3 Qa6 16.Re1 Bd6 17.Qxe6 Kb8 18.Qe2 Qb6 19.b4 c6 20.Be3 Qc7 21.g3 g5 22.a3 Nf6 23.c4 Qd7 24.b5 cxb5 25.Rab1 b4 26.axb4 h5 27.d5 h4 28.Qa2 Qf5 29.Qxa7+ Kc8 30.Qa8+ Bb8 31.Ba7 Nd7 32.Be4 Qf6 33.d6

[Event "FINAL DE CHILE 2011"]
[Site "Club de Ajedrez "]
[Date "2011-02-22"]
[Round "6"]
[White "Carrasco Miranda, Andres"]
[Black "García Cardenas, Pablo"]
[Result "0-1"]
[WhiteElo "2221"]
[BlackElo "2316"]

 1.Nf3 Nf6 2.c4 e6 3.g3 d5 4.Bg2 Be7 5.O-O O-O 6.d4 Nbd7 7.Qc2 c6 8.Rd1 b6 9.Bf4 a5 10.Nc3 Ba6 11.cxd5 cxd5 12.e4 dxe4 13.Ne5 Rc8 14.Qa4 Bb4 15.Nxe4 Nxe5 16.dxe5 Nd5 17.a3 Be7 18.Nd6 Bxd6 19.exd6 Rc4 20.Qb3 Rxf4 21.gxf4 Nxf4 22.Qf3 Qg5 23.d7 Rd8 24.Rd6 Kf8 25.Kh1 Bc4 26.Qg3 Qf6 27.Rc6 Qxb2 28.Rg1 Qd4 29.Qh4 f6 30.Qxh7 Bd5 31.Rcc1 Nxg2 32.Qh8+ Ke7 33.Qxg7+ Kd6 34.Rxg2 Qxf2 35.Rd1 Qf3 36.Qg3+ Qxg3 37.hxg3 Kc6 38.Rc1+ Kxd7 39.Rb1 Rc8 40.Kh2 Bxg2 41.Kxg2 Rc2+ 42.Kh3 Kc7 43.Re1 Rc6 44.Kg4 b5 45.Kh5 f5 46.Kg5 Kb6